Statistics for Countries by Musical Act #4

Click here to take the quiz!

General Stats

  • This quiz has been taken 20 times
  • The average score is 5 of 15

Answer Stats

HintAnswer% Correct
Sinéad O'ConnorIreland
89%
BjörkIceland
84%
Ace of BaseSweden
68%
INXSAustralia
58%
LordeNew Zealand
53%
Corey HartCanada
42%
CascadaGermany
32%
Keith UrbanNew Zealand
26%
Jimmy LittleAustralia
21%
Jeanine Deckers/The Singing NunBelgium
16%
DarudeFinland
11%
Nick DrakeMyanmar
5%
O-ZoneRomania
5%
Crazy FrogSweden
5%
Hanoi RocksFinland
0%

Score Distribution

Percentile by Number Answered

Percent of People with Each Score

Your Score History

You have not taken this quiz